| 000 | 00880cam a22002651 4500 | ||
|---|---|---|---|
| 001 | ne 64001492 | ||
| 003 | DLC | ||
| 005 | 20260227111801.0 | ||
| 008 | 890525s1963 ua 000 0 ara c | ||
| 010 | _ane 64001492 | ||
| 025 | _aPL480:UAR-3878 | ||
| 035 | _a(OCoLC)19766755 | ||
| 040 |
_aPrinceton Univ. Libr. _cWaU _dWaU _dDLC |
||
| 042 | _apremarc | ||
| 043 | _ama----- | ||
| 050 | 0 | 0 |
_aPJ7541 _b.Q8 1963 |
| 100 | 0 |
_aQudāmah ibn Jaʻfar, _d-922? |
|
| 245 | 1 | 0 |
_aNaqd al-shiʻr, _cli-Abī al-Faraj Qudāmah ibn Jaʻfar. Taḥqīq Kamāl Muṣṭafá. |
| 250 | _a[al-Ṭabʻah al-thāniyah] | ||
| 260 |
_aMiṣr, _bMaktabat al-Khānjī, _c1963. |
||
| 300 |
_a288 p. _c20 cm. |
||
| 500 | _aCover title: Naqd al-šir of Qudama b. Ğaʻfar, al Kātib al Bagdādī. Edited by Kamal Moustafa. | ||
| 650 | 0 |
_aArabic poetry _xHistory and criticism. |
|
| 740 | 0 | _aNaqd al-šir. | |
| 999 |
_c47111 _d47111 |
||